000 00894nam a2200241 i 4500
001 35942
003 ES-MaACL
005 20230906155243.0
007 t|
008 030214s1963 sp ||||1| spa d
100 1 _aBourdeau, François.
_930953
245 1 0 _aIntroducción a ley de Cristo /
_cFrançois Bourdeau y A. Danet ; prólogo de P. B. Haering ; apéndice de H. Philippe André ; versión española: M. Rodríguez del Palacio.
260 _aMadrid :
_bPerpetuo Socorro,
_c1963.
300 _a238 p. ;
_c22 cm.
490 1 _aLibros de teología y práctica pastoral ;
_v4
700 1 _aDanet, A.
_942614
700 1 _aAndré, H. Philippe.
_921537
700 1 _aRodríguez del Palacio, Miguel.
_998486
700 1 _aHäring, Bernhard.
_961847
830 0 _aLibros de teología y práctica pastoral ;
_v4
_9183305
852 _aES-MaACL
_jC-25233
_bR.52146
999 _c35942
_d35942